[Event "Winnipeg Yanofsky Memorial"]
[Site "Winnipeg"]
[Date "2005.09.03"]
[Round "2"]
[White "Cheyne, Andrew"]
[Black "Cleto, Sam"]
[Result "0-1"]
[WhiteElo "1436"]
[BlackElo "1778"]
[PlyCount "62"]
[EventDate "2005.09.03"]
[EventType "swiss"]
[EventRounds "6"]
[EventCountry "CAN"]
[SourceTitle "CBM 108 Extra"]
[Source "ChessBase"]
[SourceDate "2005.11.04"]
[SourceVersion "1"]
[SourceVersionDate "2005.11.04"]
[SourceQuality "1"]

1. e4 c5 2. c3 d6 3. Nf3 Nf6 4. Qc2 e6 5. d4 cxd4 6. cxd4 Be7 7. Bb5+ Bd7 8. Bxd7+ Nbxd7 9. Nc3 0-0 10. 0-0 Rc8 11. Be3 b5 12. Qd3 a6 13. a4 b4 14. Ne2 a5 15. Rac1 Ng4 16. Bd2 Qb6 17. h3 Ngf6 18. Ng3 Rfd8 19. b3 h6 20. Be3 Qb7 21. Qd2 Nxe4 22. Nxe4 Qxe4 23. Rfe1 Qd5 24. Qb2 Bf6 25. Rc2 Nc5 26. Qb1 Nxb3 27. Rd1 Rc3 28. Rxc3 bxc3 29. Qc2 Qc4 30. Rd3 Rc8 31. g4 Na1 0-1

[Event "Winnipeg TNT May op"]
[Site "Winnipeg"]
[Date "2005.05.24"]
[Round "4"]
[White "Cheyne, Andrew"]
[Black "Trueman, Francis"]
[Result "1-0"]
[WhiteElo "1400"]
[BlackElo "1432"]
[PlyCount "67"]
[EventDate "2005.05.03"]
[EventType "swiss"]
[EventRounds "4"]
[EventCountry "CAN"]
[SourceTitle "EXT 2022"]
[Source "ChessBase"]
[SourceDate "2021.10.06"]
[SourceVersion "1"]
[SourceVersionDate "2021.10.06"]
[SourceQuality "1"]

1. e4 e5 2. Nf3 Nc6 3. Bb5 d6 4. d4 Bg4 5. d5 a6 6. Bxc6+ bxc6 7. dxc6 Ne7 8. Bg5 Qb8 9. b3 Qb5 10. Bxe7 Bxe7 11. Qd5 Bxf3 12. gxf3 Bg5 13. c4 Qb4+ 14. Ke2 0-0 15. Rg1 Bh6 16. Rg4 Kh8 17. Qd3 Rae8 18. Nc3 Qb8 19. Nd5 Qc8 20. Rag1 f5 21. R4g3 f4 22. Rg4 Rf7 23. Qc3 Qa8 24. Nb4 a5 25. Nd5 Qxc6 26. Qxa5 Ra8 27. Qd2 Ra3 28. Nc3 Qa8 29. Na4 Qa6 30. Kd1 Qb7 31. Kc1 c5 32. Nxc5 Qb6 33. Na4 Rb7 34. Nxb6 1-0

[Event "Albert Boxer Classic op"]
[Site "Winnipeg"]
[Date "2005.05.13"]
[Round "1"]
[White "Joven, Perfecto"]
[Black "Cheyne, Andrew"]
[Result "1-0"]
[WhiteElo "1917"]
[BlackElo "1373"]
[PlyCount "71"]
[EventDate "2005.05.13"]
[EventType "swiss"]
[EventRounds "5"]
[EventCountry "CAN"]
[SourceTitle "CBM 106 Extra"]
[Source "ChessBase"]
[SourceDate "2005.07.01"]
[SourceVersion "1"]
[SourceVersionDate "2005.07.01"]
[SourceQuality "1"]

1. Nf3 Nf6 2. d4 g6 3. c4 Bg7 4. Nc3 d6 5. e4 0-0 6. Bd3 e5 7. d5 Nbd7 8. Be3 Ng4 9. Bg5 f6 10. Bd2 Nc5 11. Bc2 a5 12. h3 Nh6 13. Be3 b6 14. Qd2 Nf7 15. g4 g5 16. a4 Ba6 17. b3 Nh8 18. Ne2 Ng6 19. Ng3 Bc8 20. Nf5 Nf4 21. Rh2 Qe8 22. h4 h6 23. 0-0-0 Nfd3+ 24. Kb1 Nf4 25. hxg5 hxg5 26. Nxg7 Kxg7 27. Rdh1 Ng6 28. Rh7+ Kg8 29. Bxc5 bxc5 30. Nxg5 Nf4 31. Rh8+ Kg7 32. R8h7+ Kg8 33. f3 fxg5 34. Qh2 Ng6 35. Qh5 Rf6 36. Rh8+ 1-0

[Event "Winnipeg TNT May op"]
[Site "Winnipeg"]
[Date "2005.05.03"]
[Round "1"]
[White "Rutter, Blair A"]
[Black "Cheyne, Andrew"]
[Result "1-0"]
[WhiteElo "1742"]
[BlackElo "1400"]
[PlyCount "79"]
[EventDate "2005.05.03"]
[EventType "swiss"]
[EventRounds "4"]
[EventCountry "CAN"]
[SourceTitle "EXT 2022"]
[Source "ChessBase"]
[SourceDate "2021.10.06"]
[SourceVersion "1"]
[SourceVersionDate "2021.10.06"]
[SourceQuality "1"]

1. c4 Nf6 2. g3 g6 3. Bg2 Bg7 4. Nc3 0-0 5. e4 e5 6. Nge2 d6 7. 0-0 Nbd7 8. d3 a5 9. h3 c6 10. Be3 Ne8 11. Qd2 f5 12. f4 exf4 13. Nxf4 Ne5 14. b3 Qf6 15. d4 Nf7 16. Rad1 Qe7 17. Kh2 Bh6 18. Nxg6 hxg6 19. Bxh6 Nxh6 20. Qxh6 Qh7 21. Qg5 Nc7 22. d5 Bd7 23. Rde1 Rae8 24. exf5 Bxf5 25. Rxe8 Nxe8 26. g4 Bd3 27. Rxf8+ Kxf8 28. dxc6 bxc6 29. Bxc6 Qg7 30. Qf4+ Bf5 31. Qe3 Bd7 32. Bxd7 Qxd7 33. Nd5 Qg7 34. Kg3 Nc7 35. Qf4+ Ke8 36. Nf6+ Ke7 37. g5 Ne6 38. Qe4 Kf7 39. Qb7+ Kf8 40. Qc8+ 1-0

[Event "Winnipeg Easter op"]
[Site "Winnipeg"]
[Date "2005.04.17"]
[Round "5"]
[White "Zaczek, Jonathon"]
[Black "Cheyne, Andrew"]
[Result "1-0"]
[WhiteElo "2025"]
[BlackElo "1340"]
[PlyCount "47"]
[EventDate "2005.04.15"]
[EventType "swiss"]
[EventRounds "5"]
[EventCountry "CAN"]
[SourceTitle "EXT 2006"]
[Source "ChessBase"]
[SourceDate "2005.11.24"]
[SourceVersion "1"]
[SourceVersionDate "2005.11.24"]
[SourceQuality "1"]

1. e4 e5 2. Nf3 Nc6 3. Bb5 a6 4. Ba4 Nf6 5. 0-0 b5 6. Bb3 Bc5 7. c3 d6 8. d4 exd4 9. cxd4 Bb6 10. h3 0-0 11. Be3 Nxe4 12. Bd5 Nxf2 13. Rxf2 Re8 14. Bxc6 Rxe3 15. Bxa8 Bxh3 16. Bd5 Bd7 17. Nbd2 Re8 18. Qb3 Qf6 19. Ne4 Qf4 20. Neg5 Rf8 21. Re1 Bxd4 22. Nxd4 Qxg5 23. Bxf7+ Kh8 24. Ne6 1-0

[Event "Winnipeg TNT April op"]
[Site "Winnipeg"]
[Date "2005.04.05"]
[Round "1"]
[White "Essery, Richard"]
[Black "Cheyne, Andrew"]
[Result "1-0"]
[WhiteElo "1726"]
[BlackElo "1340"]
[PlyCount "41"]
[EventDate "2005.04.05"]
[EventType "swiss"]
[EventRounds "4"]
[EventCountry "CAN"]
[SourceTitle "EXT 2006"]
[Source "ChessBase"]
[SourceDate "2005.11.24"]
[SourceVersion "1"]
[SourceVersionDate "2005.11.24"]
[SourceQuality "1"]

1. e4 e5 2. Nf3 Nc6 3. Bb5 a6 4. Ba4 Nf6 5. Qe2 Bc5 6. 0-0 b5 7. Bb3 0-0 8. c3 Re8 9. d3 d5 10. exd5 Nxd5 11. Re1 Nf6 12. Bg5 Bg4 13. Nbd2 Qd6 14. Bxf6 Qxf6 15. Ne4 Qe7 16. Nxc5 Qxc5 17. Bxf7+ Kxf7 18. Ng5+ Kg8 19. Qxg4 Qd6 20. Qf5 g6 21. Qf7+ 1-0

[Event "Winnipeg TNT March op"]
[Site "Winnipeg"]
[Date "2005.03.01"]
[Round "1"]
[White "Repa, Jason"]
[Black "Cheyne, Andrew"]
[Result "1-0"]
[WhiteElo "1918"]
[BlackElo "1306"]
[PlyCount "69"]
[EventDate "2005.03.01"]
[EventType "swiss"]
[EventRounds "4"]
[EventCountry "CAN"]
[SourceTitle "EXT 2006"]
[Source "ChessBase"]
[SourceDate "2005.11.24"]
[SourceVersion "1"]
[SourceVersionDate "2005.11.24"]
[SourceQuality "1"]

1. b3 e5 2. e3 Nc6 3. Bb2 d5 4. Bb5 Bd6 5. f4 f6 6. fxe5 fxe5 7. Bxc6+ bxc6 8. Bxe5 Qg5 9. Bxd6 Qxg2 10. Qf3 Qxf3 11. Nxf3 cxd6 12. Nc3 Nf6 13. Rg1 0-0 14. Nd4 Bd7 15. 0-0-0 Ne4 16. Nxe4 dxe4 17. Rg2 c5 18. Rdg1 Rf7 19. Ne2 h6 20. Rg6 Raf8 21. Nf4 Bf5 22. Rxd6 Rf6 23. Rxf6 Rxf6 24. Nh5 Rf7 25. Rf1 g5 26. Ng3 Bg6 27. Rxf7 Kxf7 28. Kb2 Ke6 29. Kc3 Kd5 30. d3 h5 31. dxe4+ Bxe4 32. Nxh5 g4 33. Nf6+ Ke5 34. Nxg4+ Kf5 35. Nf2 1-0

[Event "Winnipeg TNT Febr op"]
[Site "Winnipeg"]
[Date "2005.02.22"]
[Round "4"]
[White "Gibson, Fred"]
[Black "Cheyne, Andrew"]
[Result "1-0"]
[WhiteElo "1183"]
[BlackElo "1343"]
[PlyCount "57"]
[EventDate "2005.02.01"]
[EventType "swiss"]
[EventRounds "4"]
[EventCountry "CAN"]
[SourceTitle "EXT 2006"]
[Source "ChessBase"]
[SourceDate "2005.11.24"]
[SourceVersion "1"]
[SourceVersionDate "2005.11.24"]
[SourceQuality "1"]

1. d4 Nf6 2. c4 g6 3. Nc3 Bg7 4. e4 d6 5. Be2 0-0 6. Nf3 Nbd7 7. Be3 b6 8. Qd2 c5 9. d5 Re8 10. Bh6 e6 11. Bxg7 Kxg7 12. h4 exd5 13. exd5 Ne5 14. 0-0-0 a5 15. h5 Nxh5 16. Nxe5 Rxe5 17. g4 Nf6 18. Qh6+ Kg8 19. g5 Nh5 20. f4 Nxf4 21. Qxh7+ Kf8 22. Qh8+ Ke7 23. Qf6+ Kd7 24. Bg4+ Kc7 25. Nb5+ Kb7 26. Qxd8 Bxg4 27. Qc7+ Ka6 28. Nxd6 Ra7 29. Qc8+ 1-0

[Event "Winnipeg Remembrance op"]
[Site "Winnipeg"]
[Date "2004.11.14"]
[Round "4"]
[White "Cheyne, Andrew"]
[Black "Rumpel, Chris"]
[Result "1-0"]
[WhiteElo "1253"]
[BlackElo "1421"]
[PlyCount "56"]
[EventDate "2004.11.12"]
[EventType "swiss"]
[EventRounds "5"]
[EventCountry "CAN"]
[SourceTitle "EXT 2006"]
[Source "ChessBase"]
[SourceDate "2005.11.24"]
[SourceVersion "1"]
[SourceVersionDate "2005.11.24"]
[SourceQuality "1"]

1. e4 e6 2. d4 d5 3. exd5 exd5 4. c4 Nf6 5. Nc3 Be6 6. cxd5 Nxd5 7. Nf3 Be7 8. Be3 0-0 9. Be2 Nd7 10. 0-0 N7f6 11. Qd2 h6 12. a3 c6 13. Nxd5 Nxd5 14. Ne5 Nxe3 15. fxe3 Bd6 16. Rad1 Bb3 17. Bc4 Bxc4 18. Nxc4 Bc7 19. b4 Re8 20. Rf3 Qe7 21. Rdf1 f6 22. Qd3 Rad8 23. Qg6 Rf8 24. Rh3 b5 25. Rxh6 bxc4 26. Rf3 f5 27. Rfh3 Qxe3+ 28. Rxe3 Rf6 1-0